Online katalóg knižníc regiónu Turca

Naučím sa slušne správať (Record no. 21998)

MARC details
000 -LEADER
fixed length control field 01678cam a2200457 a 4500
001 - CONTROL NUMBER
control field 21998
003 - CONTROL NUMBER IDENTIFIER
control field VRT
005 - DATE AND TIME OF LATEST TRANSACTION
control field 20260317144448.0
008 - FIXED-LENGTH DATA ELEMENTS--GENERAL INFORMATION
fixed length control field 151112s2011 xo a a 0 0 0 slo
015 ## - NATIONAL BIBLIOGRAPHY NUMBER
National bibliography number SNBA2012/05-02807
020 ## - INTERNATIONAL STANDARD BOOK NUMBER
International Standard Book Number 9788080882846 (viaz.)
035 ## - SYSTEM CONTROL NUMBER
System control number 933C86E7-F622-4337-A172-0BA2446AA662
035 ## - SYSTEM CONTROL NUMBER
System control number urn:nbn:sk:snk-amjxnw
035 ## - SYSTEM CONTROL NUMBER
System control number urn:nbn:sk:snk-am0080ao
039 #9 - LEVEL OF BIBLIOGRAPHIC CONTROL AND CODING DETAIL [OBSOLETE]
Level of rules in bibliographic description 201511121720
Level of effort used to assign nonsubject heading access points VLOAD
Level of effort used to assign subject headings 201507071642
Level of effort used to assign classification VLOAD
Level of effort used to assign subject headings 201209061011
Level of effort used to assign classification msnk38
Level of effort used to assign subject headings 201205161014
Level of effort used to assign classification msnk24
040 ## - CATALOGING SOURCE
Original cataloging agency TTKJF
Language of cataloging slo
Transcribing agency TTKJF
Modifying agency SNK
Description conventions AACR2
041 1# - LANGUAGE CODE
Language code of text/sound track or separate title slo
Language code of original und
044 ## - COUNTRY OF PUBLISHING/PRODUCING ENTITY CODE
MARC country code xo
ISO country code SK
072 #7 - SUBJECT CATEGORY CODE
Subject category code 395
Subject category code subdivision Spoločenské správanie. Etiketa
Source konspekt
072 #7 - SUBJECT CATEGORY CODE
Subject category code 0/9-053.2
Subject category code subdivision Literatúra pre deti a mládež (náučná)
Source konspekt
080 ## - UNIVERSAL DECIMAL CLASSIFICATION NUMBER
Universal Decimal Classification number 395
Edition identifier 2001
080 ## - UNIVERSAL DECIMAL CLASSIFICATION NUMBER
Universal Decimal Classification number (0.053.2)
Edition identifier 2001
245 00 - TITLE STATEMENT
Title Naučím sa slušne správať
Remainder of title [knižka o slušnom správaní pre najmenších
Statement of responsibility, etc. voľne prebásnila Daniela Reichstädterová ; ilustrácie: Ekaterina Zaborovskaja, Svetlana Borovik]
250 ## - EDITION STATEMENT
Edition statement 1. vyd.
260 ## - PUBLICATION, DISTRIBUTION, ETC.
Place of publication, distribution, etc. Bratislava
Name of publisher, distributor, etc. Matys
Date of publication, distribution, etc. 2011
300 ## - PHYSICAL DESCRIPTION
Extent 88 s.
Other physical details fareb. ilustr.
Dimensions 28 cm
650 07 - SUBJECT ADDED ENTRY--TOPICAL TERM
Topical term or geographic name entry element spoločenské správanie
Source of heading or term SNKPH
650 07 - SUBJECT ADDED ENTRY--TOPICAL TERM
Topical term or geographic name entry element Etiquette
Source of heading or term SNKPHeng
655 #7 - INDEX TERM--GENRE/FORM
Genre/form data or focus term publikácie pre deti
Source of term SNKPH
655 #7 - INDEX TERM--GENRE/FORM
Genre/form data or focus term Children's literature
Source of term SNKPHeng
700 1# - ADDED ENTRY--PERSONAL NAME
Personal name Zaborovskaja, Ekaterina
Relationship ill
700 1# - ADDED ENTRY--PERSONAL NAME
Personal name Borovik, Svetlana
Relationship ill
700 1# - ADDED ENTRY--PERSONAL NAME
Personal name Reichstädterová, Daniela
Relationship trl
942 ## - ADDED ENTRY ELEMENTS (KOHA)
Source of classification or shelving scheme Dewey Decimal Classification
Koha item type Odborná literatúra pre deti
Suppress in OPAC No
949 ## - LOCAL PROCESSING INFORMATION (OCLC)
6 3869A19976
a bpksh82-93
b bpksh60291
949 ## - LOCAL PROCESSING INFORMATION (OCLC)
6 17A0879876
a snkSB 82669
b snk2012/5831
o 703/12
s 6100:20140925
949 ## - LOCAL PROCESSING INFORMATION (OCLC)
6 17A0879877
a snkSB 82669 D1
b snk2012/5833
o 703/12
980 ## - EQUIVALENCE OR CROSS-REFERENCE-SERIES STATEMENT--PERSONAL NAME/TITLE [LOCAL, CANADA]
Personal name 087.5
980 ## - EQUIVALENCE OR CROSS-REFERENCE-SERIES STATEMENT--PERSONAL NAME/TITLE [LOCAL, CANADA]
Personal name 395
980 ## - EQUIVALENCE OR CROSS-REFERENCE-SERIES STATEMENT--PERSONAL NAME/TITLE [LOCAL, CANADA]
Personal name (0.053.2)
Holdings
Stav vyradenia Strata Poškodenie Spôsob nadobudnutia Domovská knižnica Aktuálna knižnica Dátum nadobudnutia Cena Total checkouts Čiarový kód exemplára Date last seen Typ exemplára
      Kúpa Obecná knižnica Horná Štubňa Obecná knižnica Horná Štubňa 17.03.2026 5.00   9788080882846 17.03.2026 Odborná literatúra pre deti
Projekt je podporený Slovenskou asociáciou knižníc
Prevádzkuje Turčianska knižnica Martin 2026